| Tag |
First Indicator |
Second Indicator |
Subfields |
| LEADER |
00000cam a2200000 a 4500 |
| 001 |
in00002591521 |
| 005 |
20151201151051.0 |
| 008 |
090818s2010 nhu b 001 0 eng |
| 010 |
|
|
|a 2009033650
|
| 020 |
|
|
|a 9780325017266 (alk. paper)
|
| 020 |
|
|
|a 0325017263 (alk. paper)
|
| 035 |
|
|
|a (OCoLC)ocn434613223
|
| 040 |
|
|
|a DLC
|c DLC
|d UtOrBLW
|
| 043 |
|
|
|a n-us---
|
| 049 |
|
|
|a TXAM
|
| 050 |
0 |
0 |
|a PS490
|b .L47 2010
|
| 082 |
0 |
0 |
|a 809/.892830712
|2 22
|
| 100 |
1 |
|
|a Lesesne, Teri S.
|
| 245 |
1 |
0 |
|a Reading ladders :
|b leading students from where they are to where we'd like them to be /
|c Teri Lesesne.
|
| 264 |
|
1 |
|a Portsmouth, N.H. :
|b Heinemann,
|c [2010]
|
| 264 |
|
4 |
|c ©2010
|
| 300 |
|
|
|a xiv, 129 pages :
|b illustrations ;
|c 24 cm.
|
| 336 |
|
|
|a text
|b txt
|2 rdacontent
|
| 337 |
|
|
|a unmediated
|b n
|2 rdamedia
|
| 338 |
|
|
|a volume
|b nc
|2 rdacarrier
|
| 504 |
|
|
|a Includes bibliographical references and index.
|
| 505 |
0 |
|
|a Meeting students where they're at : why use YA literature in the first place? -- Lincoln logs : how we begin to build lifelong readers -- What motivates readers -- Creating lifelong readers -- Reading ladders -- New minds in a flat world : upping the ante with reading -- Ladders -- Climbing the ladder to assessment -- Appendix A. Trade book bibliography -- Appendix B. Professional texts -- Appendix C. Possible themes for reading ladders.
|
| 650 |
|
0 |
|a Young adult literature, American
|x Study and teaching (Secondary)
|
| 650 |
|
0 |
|a Young adult literature
|x Study and teaching (Secondary)
|
| 650 |
|
0 |
|a Teenagers
|x Books and reading
|z United States.
|
| 650 |
|
0 |
|a Reading promotion.
|
| 945 |
|
|
|a PromptCat
|b 987975
|
| 946 |
|
|
|a stk
|
| 947 |
|
|
|a A14840315117
|
| 948 |
|
|
|a cataloged
|b h
|c 2010/6/9
|d c
|e dmitchel
|f 9:20:10 am
|
| 994 |
|
|
|a 92
|b TXA
|
| 999 |
|
|
|a MARS
|
| 999 |
f |
f |
|s 5f085297-b306-386d-a47f-3ee0879f9662
|i 232cc1ac-279a-3c45-bc29-9c8312c1e119
|t 0
|
| 952 |
f |
f |
|p ric
|a Texas A&M University
|b Rellis Campus
|c Joint Library Facility
|d Remote Storage
|t 0
|e PS490 .L47 2010
|h Library of Congress classification
|i unmediated -- volume
|m A14840315117
|
| 998 |
f |
f |
|a PS490 .L47 2010
|t 0
|l Remote Storage
|